Top 10 Countries With the Severest Weather - Statistics

General Stats
  • This quiz has been taken 102 times
  • The average score is 3 of 10
Answer Stats
CRI Score Answer % Correct
23.17 United States of America
90%
18.33 India
75%
2.33 Haiti
35%
15.33 Vietnam
30%
11.3 Sri Lanka
19%
18.5 Taiwan
19%
19.33 Bolivia
10%
10.17 Fiji
9%
7.33 Zimbabwe
1%
19 Macedonia
0%
No matching quizzes found
Score Distribution
Percent of People with Each Score
Percentile by Number Answered
Your Score History
You have not taken this quiz